| 000 | 01231nam a2200325 a 4500 | ||
|---|---|---|---|
| 001 | 015585673 | ||
| 003 | Uk | ||
| 005 | 20100701170348.0 | ||
| 008 | 100624s2011 at a b 001 0 eng | ||
| 010 | _a2009942042 | ||
| 015 |
_aGBB080008 _2bnb |
||
| 020 | _a0538468289 (pbk.) | ||
| 020 | _a9780538468282 (pbk.) | ||
| 082 | 0 | 4 |
_a658.4092 _222 _bDAF |
| 100 | 1 |
_aDaft, Richard L. _929121 |
|
| 245 | 1 | 0 |
_aLeadership / _cRichard L. Daft with the assistance of Patricia G. Lane. |
| 250 | _a5th ed., International student ed. | ||
| 260 |
_aAustralia : _bSouth-Western, Cengage Learning, _cc2011. |
||
| 300 |
_axviii, 509 p. : _bcol. ill. ; _c26 cm. |
||
| 504 | _aIncludes bibliographical references and index. | ||
| 650 | 0 |
_aLeadership. _929122 |
|
| 650 | 0 |
_aPersonnel management. _929123 |
|
| 650 | 0 |
_aOrganizational effectiveness. _929124 |
|
| 690 | 7 |
_aManagement and Business Studies _2blcoll _929125 |
|
| 653 |
_bENG _cFebruary2012 |
||
| 700 | 1 |
_aLane, Patricia G. _929126 |
|
| 942 |
_2ddc _cBB |
||
| 999 |
_c16522 _d16522 |
||